[Event "London league"]
[Site "?"]
[Date "1996.01.22"]
[Round "?"]
[White "Stebbings, A."]
[Black "Vlahos, K."]
[Result "1-0"]
[WhiteElo "2248"]
[BlackElo "2160"]
[PlyCount "61"]
[EventDate "1996.??.??"]

1. e4 e5 2. Nf3 Nc6 3. Bb5 a6 4. Ba4 Nf6 5. Qe2 b5 6. Bb3 Be7 7. O-O d6 8. c3
O-O 9. Rd1 Bg4 10. h3 Bh5 11. d3 Na5 12. Bc2 c5 13. Nbd2 c4 14. d4 exd4 15.
cxd4 Re8 16. Nf1 Bf8 17. Ng3 Bg6 18. Bg5 Qc7 19. Bxf6 gxf6 20. Qd2 c3 21. Qxc3
Qxc3 22. bxc3 Rac8 23. Bd3 Rxc3 24. Rac1 Rxc1 25. Rxc1 d5 26. Re1 dxe4 27. Nxe4
Bg7 28. Nxf6+ Bxf6 29. Rxe8+ Kg7 30. Bxg6 fxg6 31. Re6 1-0

[Event "Kent league"]
[Site "?"]
[Date "1996.02.15"]
[Round "?"]
[White "Stebbings, A."]
[Black "Brougham, M."]
[Result "1-0"]
[WhiteElo "2248"]
[BlackElo "1888"]
[PlyCount "71"]
[EventDate "1996.??.??"]

1. e4 Nc6 2. Nf3 e5 3. Bb5 f5 4. Nc3 fxe4 5. Nxe4 Nf6 6. Qe2 Qe7 7. O-O d5 8.
Ng3 e4 9. Nd4 Bd7 10. Bxc6 bxc6 11. Ndf5 Bxf5 12. Nxf5 Qd7 13. Ng3 Bd6 14. d3
O-O 15. Bg5 exd3 16. Qxd3 Qg4 17. Bd2 Qh4 18. h3 Rae8 19. Nf5 Qe4 20. Nxd6 cxd6
21. Rfe1 Qh4 22. Rxe8 Rxe8 23. Re1 Ne4 24. Be3 Rf8 25. Re2 Qf6 26. c3 Qf7 27.
Rc2 Nc5 28. Qd4 Qf5 29. Qd1 Ne4 30. Re2 Nc5 31. c4 dxc4 32. Qxd6 Ne4 33. Qxc6
h6 34. Qxc4+ Kh8 35. Bxa7 Nd6 36. Qe6 1-0

[Event "London league"]
[Site "?"]
[Date "1996.02.22"]
[Round "?"]
[White "O'Kelly, R."]
[Black "Stebbings, A."]
[Result "1-0"]
[WhiteElo "2152"]
[BlackElo "2248"]
[PlyCount "81"]
[EventDate "1996.??.??"]

1. d4 Nf6 2. c4 e6 3. g3 Bb4+ 4. Nd2 c5 5. dxc5 O-O 6. Bg2 Bxc5 7. Ngf3 Nc6 8.
O-O d5 9. cxd5 Nxd5 10. a3 a5 11. Qc2 Qe7 12. e4 Nc7 13. e5 h6 14. Ne4 Bd4 15.
Bxh6 Bxe5 16. Nxe5 Nxe5 17. Bf4 f6 18. Bxe5 fxe5 19. h4 Nb5 20. Ng5 Rf5 21. g4
Nd4 22. Qe4 Rxg5 23. hxg5 Qxg5 24. Rae1 Bd7 25. f4 Qxg4 26. fxe5 Qxe4 27. Rxe4
Nf5 28. Rc1 Bc6 29. Re2 Bxg2 30. Kxg2 Rd8 31. Rc7 b5 32. Rc5 Kh7 33. Rxb5 a4
34. Rb4 Ra8 35. Ree4 Kg6 36. Rxa4 Rc8 37. Re2 Rc1 38. Kf3 Rd1 39. Rg2+ Kf7 40.
Ra7+ Kf8 41. Rg4 1-0

[Event "London league"]
[Site "?"]
[Date "1996.03.05"]
[Round "?"]
[White "Mackle, D."]
[Black "Stebbings, A."]
[Result "0-1"]
[WhiteElo "2256"]
[BlackElo "2248"]
[PlyCount "85"]
[EventDate "1996.??.??"]

1. d4 Nf6 2. c4 e6 3. Nf3 Bb4+ 4. Bd2 Qe7 5. g3 Nc6 6. Bg2 Bxd2+ 7. Qxd2 Ne4 8.
Qc2 Qb4+ 9. Kf1 d5 10. a3 Qxc4 11. Qxc4 dxc4 12. Ne5 Nxe5 13. Bxe4 Nc6 14.
Bxc6+ bxc6 15. Nd2 Rb8 16. Rb1 c3 17. bxc3 Rxb1+ 18. Nxb1 Ba6 19. Nd2 Ke7 20.
Kg2 Rb8 21. Rb1 Rxb1 22. Nxb1 Bxe2 23. Nd2 Kd6 24. f4 Bd3 25. Kf2 c5 26. Ke3
Bf5 27. Nb3 cxd4+ 28. Kxd4 f6 29. Nd2 e5+ 30. fxe5+ fxe5+ 31. Ke3 Kd5 32. Kf2
a5 33. Ke3 Bc2 34. Nf3 Bg6 35. Nd2 Kc5 36. Nf3 Kc4 37. Kd2 Kb3 38. Nxe5 Kxa3
39. Nc4+ Ka4 40. Kc1 Bf7 41. Ne5 Be8 42. Kb2 Kb5 43. Nf3 0-1

[Event "National Club ch."]
[Site "?"]
[Date "1996.03.09"]
[Round "?"]
[White "Stebbings, A."]
[Black "Swan, I."]
[Result "1-0"]
[WhiteElo "2248"]
[BlackElo "2136"]
[PlyCount "75"]
[EventDate "1996.??.??"]

1. e4 c5 2. Nf3 Nf6 3. e5 Nd5 4. Nc3 e6 5. Nxd5 exd5 6. d4 Nc6 7. dxc5 Bxc5 8.
Qxd5 d6 9. exd6 Qb6 10. Qe4+ Be6 11. Qh4 f6 12. Bd3 O-O-O 13. O-O h5 14. Qa4 h4
15. a3 h3 16. g3 Rxd6 17. Bf4 Nd4 18. Nxd4 Rxd4 19. Qb5 Qxb5 20. Bxb5 Rxf4 21.
gxf4 Rh4 22. Rfe1 Bd5 23. Rad1 Rg4+ 24. Kf1 Bg2+ 25. Ke2 Rxf4 26. Kd2 Bxf2 27.
Re7 Rd4+ 28. Kc1 Rxd1+ 29. Kxd1 g5 30. Rh7 Kd8 31. Bd3 g4 32. Ke2 Bg1 33. Bf5
Bxh2 34. Bxg4 Be5 35. Bxh3 Bxh3 36. Rxh3 Bxb2 37. Rb3 Bc1 38. Kd1 1-0

[Event "London league"]
[Site "?"]
[Date "1996.04.11"]
[Round "?"]
[White "Goldberg, J."]
[Black "Stebbings, A."]
[Result "1/2-1/2"]
[WhiteElo "2088"]
[BlackElo "2248"]
[PlyCount "37"]
[EventDate "1996.??.??"]

1. c4 Nf6 2. Nc3 c5 3. g3 d5 4. cxd5 Nxd5 5. Bg2 Nc7 6. f4 g6 7. b3 Bg7 8. Bb2
O-O 9. Rc1 Nba6 10. Nf3 Rb8 11. O-O b6 12. Na4 Bxb2 13. Nxb2 Bb7 14. Nc4 Ne6
15. Qc2 Nd4 16. Nxd4 Qxd4+ 17. e3 Qd7 18. Ne5 Qe6 19. Qc4 1/2-1/2

[Event "National Club ch."]
[Site "?"]
[Date "1996.04.13"]
[Round "?"]
[White "Stebbings, A."]
[Black "Watson, I."]
[Result "1/2-1/2"]
[WhiteElo "2248"]
[BlackElo "2248"]
[PlyCount "82"]
[EventDate "1996.??.??"]

1. e4 Nc6 2. Nf3 d6 3. d4 Nf6 4. Nc3 Bg4 5. Be3 e6 6. h3 Bh5 7. d5 exd5 8. exd5
Ne5 9. g4 Nxf3+ 10. Qxf3 Bg6 11. O-O-O Be7 12. Bd4 h5 13. Bb5+ Kf8 14. g5 Nd7
15. h4 Ne5 16. Qg3 a6 17. Be2 c5 18. dxc6 Nxc6 19. Bc5 Kg8 20. Bxd6 Bxd6 21.
Rxd6 Qa5 22. Bd3 Kh7 23. Rd1 Rhd8 24. Bxg6+ fxg6 25. Rxd8 Rxd8 26. Rxd8 Qxd8
27. Qf4 Qd4 28. Ne2 Qd5 29. b3 b5 30. a3 a5 31. Kb2 Qc5 32. Qe3 Qd6 33. Qe4 b4
34. axb4 axb4 35. Nf4 Ne7 36. Nxh5 Nd5 37. Ng3 Nc3 38. Qd3 Qe5 39. h5 Ne2+ 40.
Kb1 Nc3+ 41. Kb2 Nd5+ 1/2-1/2

[Event "London league"]
[Site "?"]
[Date "1996.04.22"]
[Round "?"]
[White "Britton, R."]
[Black "Stebbings, A."]
[Result "1/2-1/2"]
[WhiteElo "2264"]
[BlackElo "2248"]
[PlyCount "81"]
[EventDate "1996.??.??"]

1. e4 c5 2. Nf3 e6 3. d3 Nc6 4. g3 d5 5. Nbd2 Bd6 6. Bg2 Nge7 7. Nh4 O-O 8. f4
f6 9. O-O Bd7 10. Re1 Qc7 11. c3 Be8 12. Qe2 Bf7 13. Ndf3 dxe4 14. dxe4 e5 15.
f5 c4 16. Be3 Na5 17. Kh1 Bc5 18. Bd2 Rfd8 19. g4 h6 20. Ng1 Qd7 21. Nhf3 Qd3
22. h4 Qxe2 23. Rxe2 Rd3 24. Nh3 Rad8 25. Nf2 R3d6 26. Rg1 Kf8 27. Bh3 Nec6 28.
Rg3 b5 29. g5 hxg5 30. hxg5 Ke7 31. Ng4 Bh5 32. Kg2 Nb7 33. Be1 Rd3 34. Bf2
Bxf2 35. Nxf2 Bxf3+ 36. Rxf3 Rxf3 37. gxf6+ gxf6 38. Kxf3 Nc5 39. Ke3 Rg8 40.
Kf3 Rd8 41. Ke3 1/2-1/2

[Event "Kent league"]
[Site "?"]
[Date "1996.05.05"]
[Round "?"]
[White "Cooley, C."]
[Black "Stebbings, A."]
[Result "1/2-1/2"]
[WhiteElo "2240"]
[BlackElo "2240"]
[PlyCount "130"]
[EventDate "1996.??.??"]

1. e4 c5 2. c3 Nf6 3. e5 Nd5 4. d4 cxd4 5. cxd4 e6 6. Nc3 Nxc3 7. bxc3 d6 8.
exd6 Bxd6 9. Bd3 Qc7 10. Bd2 Nd7 11. Qg4 O-O 12. Rc1 Re8 13. Ne2 e5 14. Qh4 Nf8
15. O-O Be6 16. Ng3 Ng6 17. Qh5 Bc4 18. Qf3 Bxd3 19. Qxd3 Rac8 20. Rfe1 Qc4 21.
Qxc4 Rxc4 22. f4 f6 23. Rb1 b6 24. Rb5 Ra4 25. Rd5 Rxa2 26. Ne4 Bb8 27. dxe5
fxe5 28. f5 Ne7 29. Rd7 Nxf5 30. Rf1 Nd6 31. Bh6 Nxe4 32. Rxg7+ Kh8 33. Rg4 Nf2
34. Rxf2 Ra1+ 35. Rf1 Rxf1+ 36. Kxf1 Re7 37. Ke2 Bd6 38. Kd3 e4+ 39. Kc4 e3 40.
Bg5 Rf7 41. Bxe3 Be5 42. Kb3 Rc7 43. c4 Bg7 44. Bf4 Re7 45. Bd6 Re3+ 46. Ka4
Re6 47. Bb4 Kg8 48. Bc3 Rg6 49. Rxg6 hxg6 50. Bxg7 Kxg7 51. Kb5 a5 52. c5 bxc5
53. Kxa5 Kf6 54. Kb5 Ke5 55. Kxc5 g5 56. Kc6 Ke6 57. Kc7 Ke7 58. h3 g4 59. h4
g3 60. h5 Kf6 61. Kd6 Kg5 62. Ke5 Kxh5 63. Kf5 Kh4 64. Kf4 Kh5 65. Kxg3 Kg5
1/2-1/2

[Event "Kent league"]
[Site "?"]
[Date "1996.05.19"]
[Round "?"]
[White "Stebbings, A."]
[Black "Bayford, J."]
[Result "1-0"]
[WhiteElo "2240"]
[BlackElo "2080"]
[PlyCount "63"]
[EventDate "1996.??.??"]

1. e4 e6 2. d4 d5 3. Nd2 Nf6 4. e5 Nfd7 5. f4 c5 6. c3 Nc6 7. Ndf3 Qb6 8. g3 f6
9. Bh3 cxd4 10. cxd4 Bb4+ 11. Kf1 O-O 12. Kg2 fxe5 13. fxe5 Ndxe5 14. dxe5 Nxe5
15. Qe2 Ng6 16. Be3 Bc5 17. Bxc5 Qxc5 18. Bxe6+ Bxe6 19. Qxe6+ Kh8 20. Re1 Rf6
21. Qe3 d4 22. Nxd4 Raf8 23. Ngf3 Qd5 24. b3 h6 25. Qe4 Qh5 26. Rhf1 Nf4+ 27.
gxf4 Rxf4 28. Qxb7 Qg4+ 29. Kh1 Qh3 30. Rg1 R8f7 31. Re8+ Kh7 32. Qa8 1-0

[Event "National Club ch."]
[Site "?"]
[Date "1996.06.02"]
[Round "?"]
[White "Piper, M."]
[Black "Stebbings, A."]
[Result "1/2-1/2"]
[WhiteElo "2264"]
[BlackElo "2240"]
[PlyCount "109"]
[EventDate "1996.??.??"]

1. e4 c5 2. Nc3 Nc6 3. g3 g6 4. Bg2 Bg7 5. d3 d6 6. Bg5 h6 7. Be3 e5 8. Qd2
Nge7 9. Nge2 Rb8 10. O-O b5 11. f4 b4 12. Nd1 Qb6 13. h3 exf4 14. Bxf4 Ne5 15.
Be3 a5 16. Rb1 Ba6 17. Kh2 Qb5 18. Rf2 Qa4 19. Nc1 g5 20. b3 Qc6 21. d4 cxd4
22. Bxd4 O-O 23. Ne3 Qc7 24. Ne2 N5c6 25. Bxg7 Kxg7 26. Nd4 Bc8 27. Nxc6 Nxc6
28. Rd1 Ne5 29. Qxd6 Qxd6 30. Rxd6 Be6 31. Rfd2 Rfc8 32. Nf5+ Bxf5 33. exf5 f6
34. Ra6 Rc5 35. Ra7+ Kh8 36. Be4 g4 37. h4 Nf3+ 38. Bxf3 gxf3 39. g4 Rbc8 40.
Kg3 Rxc2 41. Rxc2 Rxc2 42. Kxf3 Rxa2 43. Rf7 Ra3 44. Rxf6 Rxb3+ 45. Kf4 Kg7 46.
Rg6+ Kh7 47. Ra6 Rb1 48. Rxa5 b3 49. g5 hxg5+ 50. hxg5 b2 51. g6+ Kh6 52. Ra7
Rf1+ 53. Kg4 Rg1+ 54. Kf4 Rf1+ 55. Kg4 1/2-1/2

[Event "London league"]
[Site "?"]
[Date "1996.09.16"]
[Round "?"]
[White "Wild, S."]
[Black "Stebbings, A."]
[Result "0-1"]
[WhiteElo "2040"]
[BlackElo "2240"]
[PlyCount "94"]
[EventDate "1996.??.??"]

1. e4 c5 2. Nf3 e6 3. d4 cxd4 4. Nxd4 Nc6 5. Nc3 Qc7 6. f4 a6 7. Nxc6 Qxc6 8.
Bd3 b5 9. Qe2 Bb7 10. O-O Nf6 11. e5 b4 12. exf6 bxc3 13. bxc3 Bc5+ 14. Kh1
gxf6 15. Re1 Ke7 16. Be4 Qxe4 17. Qxe4 Bxe4 18. Rxe4 Rhb8 19. g3 Ra7 20. Ra4
Rab7 21. Kg2 Rb1 22. Rxb1 Rxb1 23. Ba3 Bxa3 24. Rxa3 Rb2 25. h4 Rxc2+ 26. Kf3
f5 27. g4 fxg4+ 28. Kxg4 Kf6 29. Rxa6 Rxc3 30. Rd6 Ke7 31. Rd2 d5 32. a4 Ra3
33. Rd4 Kf6 34. Rb4 Ra1 35. Kh5 Rc1 36. a5 Ra1 37. Rb5 d4 38. Kh6 d3 39. Rb2
Rxa5 40. Rd2 Rd5 41. Kxh7 Rh5+ 42. Kg8 Rxh4 43. Rxd3 Rxf4 44. Kf8 e5 45. Rd6+
Kg5 46. Rd5 f6 47. Kf7 Kg4 0-1

[Event "London league"]
[Site "?"]
[Date "1996.10.10"]
[Round "?"]
[White "Broome, W."]
[Black "Stebbings, A."]
[Result "0-1"]
[WhiteElo "1928"]
[BlackElo "2240"]
[PlyCount "74"]
[EventDate "1996.??.??"]

1. e4 c5 2. Nc3 Nc6 3. g3 g6 4. Bg2 Bg7 5. d3 d6 6. Be3 e5 7. Nge2 Nge7 8. O-O
O-O 9. f4 Nd4 10. Qd2 Rb8 11. Nd1 Nxe2+ 12. Qxe2 exf4 13. Bxf4 Be6 14. c3 Nc6
15. Qd2 b5 16. b3 b4 17. Rc1 bxc3 18. Nxc3 Qd7 19. Ne2 Rb4 20. Kh1 a5 21. Rc2
a4 22. bxa4 Rxa4 23. Nc3 Rb4 24. Rb2 Rxb2 25. Qxb2 Ra8 26. Qc2 Nb4 27. Qd2 Nxa2
28. Nd5 Bxd5 29. exd5 Nb4 30. Re1 Ra3 31. Qe3 Bd4 32. Qe8+ Qxe8 33. Rxe8+ Kg7
34. h4 Nxd3 35. Kh2 Be5 36. Rd8 Nxf4 37. gxf4 Bxf4+ 0-1

[Event "Kent league"]
[Site "?"]
[Date "1996.10.22"]
[Round "?"]
[White "O'Donovan, P."]
[Black "Stebbings, A."]
[Result "1-0"]
[WhiteElo "2096"]
[BlackElo "2240"]
[PlyCount "77"]
[EventDate "1996.??.??"]

1. e4 c5 2. d4 cxd4 3. Nf3 e6 4. Nxd4 Nc6 5. Be3 Qc7 6. Be2 Nf6 7. Nc3 a6 8.
O-O Bb4 9. Bd3 Ne5 10. Bf4 d6 11. Nde2 O-O 12. h3 Bc5 13. Kh1 b5 14. Ng3 Bb7
15. Qe2 Rac8 16. Rac1 Qc6 17. Bg5 Ned7 18. f4 b4 19. Nd1 h6 20. Bh4 Bd4 21. c3
Qb6 22. cxd4 Rxc1 23. e5 dxe5 24. fxe5 Nh7 25. Be7 Qxd4 26. Bxf8 Nhxf8 27. Qd2
Rc7 28. Bh7+ Nxh7 29. Qxd4 Ng5 30. Ne3 Nxh3 31. Kh2 Ng5 32. Nc4 Bd5 33. b3 g6
34. Ne2 Kg7 35. Nd6 Rc2 36. Nf4 Nf3+ 37. Rxf3 Bxf3 38. Ne8+ Kf8 39. Qxd7 1-0

[Event "London league"]
[Site "?"]
[Date "1996.11.14"]
[Round "?"]
[White "Thomas, R."]
[Black "Stebbings, A."]
[Result "1/2-1/2"]
[WhiteElo "2168"]
[BlackElo "2240"]
[PlyCount "98"]
[EventDate "1996.??.??"]

1. d4 Nf6 2. c4 e6 3. g3 Bb4+ 4. Bd2 Qe7 5. Bg2 Nc6 6. Nf3 Bxd2+ 7. Nbxd2 d6 8.
O-O O-O 9. h3 a5 10. a3 a4 11. e4 e5 12. d5 Nb8 13. Ne1 c6 14. Nd3 cxd5 15.
cxd5 Bd7 16. Nb1 Bb5 17. Nc3 Bxd3 18. Qxd3 Nbd7 19. Rae1 Nc5 20. Qd1 Qc7 21. f4
Qb6 22. Rf2 Nfd7 23. f5 g5 24. f6 Nxf6 25. Qf3 Nfd7 26. Qe3 f6 27. Bf1 Kh8 28.
Bb5 Ra5 29. Bxd7 Nxd7 30. Nd1 Qxe3 31. Nxe3 Nc5 32. Nc4 Ra6 33. Rc2 Rc8 34. Ne3
Rb8 35. Nf5 b5 36. Rec1 b4 37. Nxd6 bxa3 38. bxa3 Rxd6 39. Rxc5 Kg7 40. Ra5 f5
41. Rc7+ Kg6 42. Raa7 fxe4 43. g4 Rb3 44. Rg7+ Kh6 45. Rxh7+ Kg6 46. Rhg7+ Kh6
47. Rge7 Rxa3 48. Rxe5 Rxh3 49. Rxe4 Rd3 1/2-1/2

[Event "National Club ch."]
[Site "?"]
[Date "1996.12.14"]
[Round "?"]
[White "Romano, P."]
[Black "Stebbings, A."]
[Result "0-1"]
[WhiteElo "1808"]
[BlackElo "2240"]
[PlyCount "60"]
[EventDate "1996.??.??"]

1. e4 c5 2. Nf3 e6 3. d4 cxd4 4. Nxd4 Nc6 5. Bc4 Nf6 6. Nc3 Qc7 7. Bb3 a6 8. a4
Bb4 9. f3 O-O 10. O-O Nxd4 11. Ne2 Nxb3 12. cxb3 d5 13. Kh1 dxe4 14. Bf4 e5 15.
Rc1 Qd6 16. Qxd6 Bxd6 17. Bg3 Be6 18. b4 exf3 19. gxf3 Rac8 20. Nc3 Nh5 21. b5
Nxg3+ 22. hxg3 Rfd8 23. Kg2 Bb4 24. bxa6 bxa6 25. Rf2 Bb3 26. Re2 f6 27. Rf2
Bxc3 28. bxc3 Bxa4 29. c4 Rd3 30. c5 Bc6 0-1

[Event "London league"]
[Site "?"]
[Date "1997.01.14"]
[Round "?"]
[White "Stebbings, A."]
[Black "White, R."]
[Result "1-0"]
[WhiteElo "2240"]
[BlackElo "2024"]
[PlyCount "81"]
[EventDate "1997.??.??"]

1. d4 d5 2. c4 c6 3. Nc3 Nf6 4. e3 e6 5. Nf3 Be7 6. Qc2 Nbd7 7. b3 Bb4 8. a3
Ba5 9. Bd3 Ne4 10. b4 Nxc3 11. Qxc3 Bc7 12. e4 c5 13. cxd5 cxb4 14. Qb3 exd5
15. Qxd5 O-O 16. axb4 Qe7 17. O-O Nf6 18. Qg5 Re8 19. Re1 Bg4 20. e5 Bxf3 21.
gxf3 Nd5 22. Qxe7 Rxe7 23. b5 Bb6 24. Ba3 Bxd4 25. Bxe7 Bxa1 26. Rxa1 Nxe7 27.
Be4 g5 28. Bxb7 Rb8 29. Rxa7 Kg7 30. Bc6 Nxc6 31. bxc6 Kg6 32. Re7 Rb1+ 33. Kg2
Rc1 34. c7 h5 35. f4 g4 36. h3 Rc3 37. hxg4 hxg4 38. Kf1 Rc6 39. Ke2 f6 40. Ke3
Kf5 41. Rf7 1-0

[Event "Kent league"]
[Site "?"]
[Date "1997.02.11"]
[Round "?"]
[White "Stebbings, A."]
[Black "Naylor, J."]
[Result "1-0"]
[WhiteElo "2240"]
[BlackElo "2216"]
[PlyCount "71"]
[EventDate "1997.??.??"]

1. e4 e5 2. Nf3 Nc6 3. Bb5 f5 4. Nc3 fxe4 5. Nxe4 Nf6 6. Nxf6+ Qxf6 7. O-O Be7
8. Qe2 O-O 9. Re1 d6 10. d4 Bg4 11. Bxc6 bxc6 12. dxe5 Qg6 13. Qe4 Qh5 14. Nd4
dxe5 15. Ne2 Bh4 16. Ng3 Bxg3 17. hxg3 Rae8 18. Be3 Rf6 19. a4 g5 20. Bc5 Bf5
21. Qc4+ Be6 22. Qe2 Bg4 23. f3 Bc8 24. g4 Qg6 25. Qc4+ Be6 26. Qe4 Qxe4 27.
Rxe4 Bd5 28. Re3 Rf4 29. Bxa7 Ra8 30. Bc5 Rc4 31. b4 e4 32. c3 exf3 33. gxf3
Rf4 34. a5 Bxf3 35. Rae1 Rxg4+ 36. Kf2 1-0

[Event "London league"]
[Site "?"]
[Date "1997.02.20"]
[Round "?"]
[White "Stebbings, A."]
[Black "Pritchett, C."]
[Result "1/2-1/2"]
[WhiteElo "2240"]
[BlackElo "2352"]
[PlyCount "121"]
[EventDate "1997.??.??"]

1. d4 Nf6 2. c4 e6 3. Nc3 Bb4 4. e3 b6 5. Nge2 Ba6 6. Ng3 Bxc3+ 7. bxc3 d5 8.
Ba3 Bxc4 9. Bxc4 dxc4 10. e4 Qd7 11. Rb1 h5 12. h4 Qc6 13. O-O Nbd7 14. Qe2 a5
15. Rfe1 Qa4 16. Bc1 O-O-O 17. Bg5 Rde8 18. Bxf6 Nxf6 19. e5 Nd5 20. Ne4 f5 21.
exf6 gxf6 22. Qd2 Rhg8 23. Rb2 Rg4 24. g3 Reg8 25. Qh6 Qa3 26. Rc2 Qe7 27. Qxh5
Qd7 28. Ng5 f5 29. Qf7 Qxf7 30. Nxf7 Rxh4 31. Rxe6 Rh7 32. Ne5 f4 33. Nxc4 fxg3
34. fxg3 Rxg3+ 35. Kf2 Rxc3 36. Nxb6+ cxb6 37. Rxc3+ Nxc3 38. Rc6+ Kb7 39. Rxc3
Rh2+ 40. Ke3 Rxa2 41. d5 Rh2 42. Kd4 Rd2+ 43. Kc4 Ka6 44. Rc1 b5+ 45. Kc5 b4
46. d6 b3 47. Ra1 Ra2 48. Rb1 Rc2+ 49. Kd4 a4 50. d7 Rd2+ 51. Kc3 Rxd7 52. Kb4
Rd4+ 53. Ka3 Kb5 54. Rh1 Rd2 55. Rh2 b2 56. Rh5+ Kc4 57. Rh4+ Kc5 58. Rh1 Rc2
59. Rb1 Kc4 60. Rxb2 Rxb2 61. Kxb2 1/2-1/2

[Event "National Club ch."]
[Site "?"]
[Date "1997.03.01"]
[Round "?"]
[White "Webb, RM."]
[Black "Stebbings, A."]
[Result "1-0"]
[WhiteElo "2280"]
[BlackElo "2240"]
[PlyCount "79"]
[EventDate "1997.??.??"]

1. e4 c5 2. Nc3 Nc6 3. Nge2 e6 4. g3 a6 5. Bg2 b5 6. O-O Bb7 7. d4 cxd4 8. Nxd4
Qc7 9. Re1 d6 10. a4 b4 11. Nd5 Qa5 12. Nxc6 Bxc6 13. Bd2 Rb8 14. c3 bxc3 15.
Bxc3 Qd8 16. Qd3 Bb7 17. Nb4 Ra8 18. a5 Ne7 19. Bd4 Nc8 20. Qc3 e5 21. Be3 Be7
22. Red1 Na7 23. Nd5 Nb5 24. Qb4 O-O 25. Bf1 Bc6 26. Rac1 Rc8 27. Bh3 f5 28.
Bxf5 Rxf5 29. exf5 Bg5 30. Bxg5 Qxg5 31. f4 exf4 32. Qxf4 Qd8 33. f6 Bxd5 34.
Rxc8 Qxc8 35. Rxd5 Qe6 36. fxg7 Qe1+ 37. Qf1 Qe3+ 38. Qf2 Qc1+ 39. Kg2 Kxg7 40.
Rf5 1-0

[Event "London league"]
[Site "?"]
[Date "1997.03.25"]
[Round "?"]
[White "Stebbings, A."]
[Black "Stone, A."]
[Result "1/2-1/2"]
[WhiteElo "2240"]
[BlackElo "2208"]
[PlyCount "75"]
[EventDate "1997.??.??"]

1. e4 e6 2. d4 d5 3. Nd2 Nf6 4. e5 Nfd7 5. f4 c5 6. c3 Nc6 7. Ndf3 Qb6 8. g3
cxd4 9. cxd4 Bb4+ 10. Kf2 g5 11. h3 gxf4 12. gxf4 Rg8 13. Be3 Be7 14. Qd2 Qd8
15. Bd3 f5 16. Ne2 Bh4+ 17. Kf1 Nb6 18. b3 Be7 19. Rg1 Kf8 20. Nc3 Qe8 21.
Rxg8+ Kxg8 22. Qg2+ Qg6 23. Qxg6+ hxg6 24. Be2 Bd7 25. Rc1 Rc8 26. Nb1 a6 27.
Kf2 Nb4 28. Rxc8+ Nxc8 29. a3 Nc6 30. Bd2 N6a7 31. a4 Nc6 32. Ke3 N8a7 33. Kd3
Nd8 34. Nc3 Nac6 35. Ke3 Nb4 36. Bd1 Ndc6 37. Be1 Kg7 38. Bh4 1/2-1/2

[Event "London league"]
[Site "?"]
[Date "1997.04.07"]
[Round "?"]
[White "Lee, G."]
[Black "Stebbings, A."]
[Result "1-0"]
[WhiteElo "2320"]
[BlackElo "2240"]
[PlyCount "71"]
[EventDate "1997.??.??"]

1. e4 c5 2. c3 Nf6 3. e5 Nd5 4. d4 cxd4 5. Nf3 e6 6. cxd4 d6 7. a3 Bd7 8. Bd3
Bc6 9. O-O Nd7 10. b4 a6 11. Re1 Be7 12. Bd2 O-O 13. Nc3 Nxc3 14. Bxc3 Rc8 15.
Rc1 a5 16. Bb1 Bd5 17. Qd3 g6 18. Qe3 Nb6 19. Bd3 Nc4 20. Bxc4 Rxc4 21. bxa5
Bxf3 22. Qxf3 d5 23. Rb1 Qc7 24. Rb3 Rc8 25. Bb2 Qxa5 26. Rd1 b5 27. g4 Qa4 28.
Rdd3 Kg7 29. Qf4 Rc2 30. Rh3 h5 31. gxh5 g5 32. h6+ Kg6 33. Qf3 Rf8 34. Qd3+ f5
35. exf6+ Kxf6 36. Qxc2 1-0

[Event "Kent league"]
[Site "?"]
[Date "1997.04.19"]
[Round "?"]
[White "Stebbings, A."]
[Black "Spink, B."]
[Result "1-0"]
[WhiteElo "2240"]
[BlackElo "1984"]
[PlyCount "70"]
[EventDate "1997.??.??"]

1. d4 d5 2. c4 Nc6 3. cxd5 Qxd5 4. e3 e5 5. Nc3 Bb4 6. Bd2 Bxc3 7. bxc3 exd4 8.
cxd4 Nf6 9. f3 O-O 10. Bd3 Bf5 11. Bxf5 Qxf5 12. Ne2 Rfe8 13. O-O Rad8 14. Qb3
b6 15. Rac1 Na5 16. Qa3 Qb5 17. Rfe1 Nc4 18. Qd3 Nd6 19. Qxb5 Nxb5 20. a4 Nd6
21. e4 b5 22. Bg5 h6 23. Bxf6 gxf6 24. Rxc7 bxa4 25. Rxa7 Ra8 26. Rxa8 Rxa8 27.
Ra1 Nb5 28. Kf2 a3 29. Ra2 Rc8 30. Ke3 Kf8 31. Kd3 Ke7 32. d5 Kd6 33. Nd4 Rc3+
34. Kd2 Rb3 35. Nxb5+ Rxb5 1-0

[Event "London league"]
[Site "?"]
[Date "1997.04.24"]
[Round "?"]
[White "Malcolm, D."]
[Black "Stebbings, A."]
[Result "1/2-1/2"]
[WhiteElo "2040"]
[BlackElo "2240"]
[PlyCount "59"]
[EventDate "1997.??.??"]

1. e4 c5 2. Nc3 Nc6 3. g3 g6 4. Bg2 Bg7 5. d3 d6 6. Nge2 e5 7. Nd5 Nge7 8. Nec3
Rb8 9. Bg5 h6 10. Bd2 b5 11. O-O b4 12. Nxe7 Nxe7 13. Ne2 O-O 14. Qc1 Kh7 15.
a3 a5 16. axb4 axb4 17. f4 exf4 18. gxf4 f5 19. Ng3 Bb7 20. c3 bxc3 21. Bxc3
Nc6 22. exf5 gxf5 23. Bxg7 Kxg7 24. Bxc6 Bxc6 25. Ra7+ Rb7 26. Qc3+ Kg6 27.
Rxb7 Bxb7 28. Qb3 Qd7 29. Re1 Qf7 30. Qxf7+ 1/2-1/2

[Event "Kent league"]
[Site "?"]
[Date "1997.05.18"]
[Round "?"]
[White "Stebbings, A."]
[Black "Powell, D."]
[Result "1/2-1/2"]
[WhiteElo "2224"]
[BlackElo "2072"]
[PlyCount "118"]
[EventDate "1997.??.??"]

1. e4 g6 2. d4 Bg7 3. Nc3 d6 4. Nge2 Nf6 5. g3 c6 6. Bg2 Nbd7 7. O-O Qc7 8. a4
a5 9. h3 e5 10. Be3 O-O 11. Qd2 Re8 12. Rad1 exd4 13. Bxd4 Ne5 14. g4 Be6 15.
b3 Red8 16. f4 Ne8 17. Be3 Nxg4 18. hxg4 Bxg4 19. Bd4 f6 20. Qd3 Qf7 21. Qg3 h5
22. Bh3 c5 23. Bf2 f5 24. exf5 gxf5 25. Bxg4 hxg4 26. Qd3 c4 27. bxc4 Rdc8 28.
Nd5 Ra6 29. Ng3 Nc7 30. Nb6 Rf8 31. Qxd6 Ne6 32. Qd7 Nxf4 33. Qxf7+ Rxf7 34.
Rd8+ Kh7 35. c5 Bf8 36. Be3 Ne6 37. Rc8 Kg6 38. Ne2 Bxc5 39. Bxc5 Nxc5 40. Rxc5
Rxb6 41. Rxa5 Rb4 42. Nf4+ Kg5 43. Ne6+ Kh4 44. Raxf5 Rxf5 45. Rxf5 Rxa4 46.
Kg2 Re4 47. Nf4 g3 48. Ng6+ Kg4 49. Re5 Rxe5 50. Nxe5+ Kf4 51. Nf3 b6 52. Nd2
b5 53. Nb3 b4 54. Nc1 Ke3 55. Nb3 Kf4 56. Nd4 Ke3 57. Nc6 Kd2 58. Nxb4 Kc3 59.
Kxg3 Kxb4 1/2-1/2

[Event "Tournament: St. Olaves (rapid)"]
[Site "Orpington"]
[Date "1997.06.21"]
[Round "?"]
[White "Large, P."]
[Black "Stebbings, A."]
[Result "0-1"]
[WhiteElo "2296"]
[BlackElo "2224"]
[PlyCount "88"]
[EventDate "1997.??.??"]

1. e4 c5 2. Nc3 Nc6 3. Nf3 e6 4. d4 cxd4 5. Nxd4 Qc7 6. Be2 a6 7. O-O Nf6 8.
Be3 Bb4 9. Na4 O-O 10. c4 Bd6 11. f4 Nxe4 12. Nxc6 bxc6 13. c5 Be7 14. Bd3 Nf6
15. Bd4 Ne8 16. Rc1 Rb8 17. Be5 d6 18. cxd6 Bxd6 19. Qe2 Rb4 20. b3 f6 21. Bxd6
Qxd6 22. Bc4 Nc7 23. Nc3 Qd4+ 24. Kh1 Kh8 25. Qf3 Nd5 26. a3 Rb8 27. Rfd1 Qa7
28. Re1 Qd7 29. Ne4 Qe7 30. b4 a5 31. bxa5 Ra8 32. a6 Bxa6 33. Bxa6 Rxa6 34.
Nc5 Ra5 35. Nxe6 Re8 36. Rxc6 Qd7 37. Qg4 g6 38. Rcc1 f5 39. Qh4 Rxa3 40. Ng5
Rae3 41. Red1 Qe7 42. h3 Nf6 43. Rc6 Ne4 44. Re6 Ng3+ 0-1

[Event "London league"]
[Site "?"]
[Date "1997.09.11"]
[Round "?"]
[White "Stebbings, A."]
[Black "Sands, D."]
[Result "1/2-1/2"]
[WhiteElo "2224"]
[BlackElo "2232"]
[PlyCount "53"]
[EventDate "1997.??.??"]

1. d4 d5 2. c4 c6 3. Nc3 Nf6 4. e3 e6 5. Nf3 Nbd7 6. Qc2 Bd6 7. Bd2 O-O 8.
O-O-O c5 9. e4 cxd4 10. Nxd4 Be5 11. Bg5 h6 12. Bh4 Qb6 13. Na4 Qa5 14. exd5
exd5 15. Nc3 dxc4 16. Bxc4 Nb6 17. Bb3 Bd7 18. Bg3 Rac8 19. Bxe5 Qxe5 20. Rhe1
Qc5 21. Kb1 Nc4 22. Bxc4 Qxc4 23. Nf5 Rc5 24. Ne7+ Kh8 25. Qe2 Qxe2 26. Rxe2
Kh7 27. Ne4 1/2-1/2

[Event "London league"]
[Site "?"]
[Date "1997.09.29"]
[Round "?"]
[White "Stebbings, A."]
[Black "Okike, D."]
[Result "1-0"]
[WhiteElo "2224"]
[BlackElo "2168"]
[PlyCount "74"]
[EventDate "1997.??.??"]

1. e4 e6 2. d4 d5 3. Nd2 Nf6 4. e5 Nfd7 5. f4 b6 6. Ndf3 c5 7. c3 Nc6 8. Bd3 a5
9. Ne2 g6 10. O-O Ba6 11. Bxa6 Rxa6 12. g4 b5 13. f5 Be7 14. Nf4 cxd4 15. cxd4
Qb6 16. Kh1 Nf8 17. Be3 g5 18. Nh5 h6 19. Rc1 Kd7 20. Qc2 Ra8 21. Qd3 Nb4 22.
Qb1 Rg8 23. a3 Nc6 24. Qd3 a4 25. Bd2 Rh8 26. Bc3 Rc8 27. Ne1 Na7 28. Nc2 Rc4
29. Ne3 Rc8 30. fxe6+ fxe6 31. Rf7 Nc6 32. Rcf1 Kc7 33. Bb4 Nxb4 34. axb4 Kd8
35. Nf6 Qc6 36. Rf2 Bxb4 37. Rc2 Qb6 1-0